<?xml version="1.0" encoding="UTF-8"?>
<collection xmlns="http://www.loc.gov/MARC21/slim">
 <record>
  <leader>01611nam a22002657a 4500</leader>
  <controlfield tag="001">30849</controlfield>
  <controlfield tag="003">BD-DhAAL</controlfield>
  <controlfield tag="005">20160208151912.0</controlfield>
  <controlfield tag="008">160208r20162015bg ||||| |||| 00| 0 ben d</controlfield>
  <datafield tag="020" ind1=" " ind2=" ">
   <subfield code="a">9789849144793</subfield>
  </datafield>
  <datafield tag="040" ind1=" " ind2=" ">
   <subfield code="a">BD-DhAAL</subfield>
   <subfield code="c">BD-DhAAL</subfield>
  </datafield>
  <datafield tag="082" ind1=" " ind2=" ">
   <subfield code="2">22</subfield>
   <subfield code="a">954.9205</subfield>
  </datafield>
  <datafield tag="100" ind1=" " ind2=" ">
   <subfield code="a">চৌধুরী, মুস্তফা </subfield>
   <subfield code="9">17881</subfield>
  </datafield>
  <datafield tag="245" ind1=" " ind2=" ">
   <subfield code="a">'৭১ এর যুদ্ধশিশু :</subfield>
   <subfield code="b">অবিদিত ইতিহাস /</subfield>
   <subfield code="c">মুস্তফা চৌধুরী</subfield>
  </datafield>
  <datafield tag="264" ind1=" " ind2=" ">
   <subfield code="a">ঢাকা :</subfield>
   <subfield code="b">একাডেমিক প্রেস এন্ড পাবলিশার্স লাইব্রেরী,</subfield>
   <subfield code="c">২০১৬ </subfield>
  </datafield>
  <datafield tag="300" ind1=" " ind2=" ">
   <subfield code="a">liii, ৪৯৭ পৃ. :</subfield>
   <subfield code="b">চিত্র ;</subfield>
   <subfield code="c">২৩ সে. মি.</subfield>
  </datafield>
  <datafield tag="541" ind1=" " ind2=" ">
   <subfield code="e">30849</subfield>
  </datafield>
  <datafield tag="650" ind1=" " ind2=" ">
   <subfield code="a">Bangladesh</subfield>
   <subfield code="x">History</subfield>
   <subfield code="x">Revolution, 1971</subfield>
   <subfield code="9">17882</subfield>
  </datafield>
  <datafield tag="852" ind1=" " ind2=" ">
   <subfield code="a">Ayesha Abed Library</subfield>
   <subfield code="c">General Stacks</subfield>
  </datafield>
  <datafield tag="942" ind1=" " ind2=" ">
   <subfield code="2">ddc</subfield>
   <subfield code="c">BK</subfield>
  </datafield>
  <datafield tag="999" ind1=" " ind2=" ">
   <subfield code="c">36813</subfield>
   <subfield code="d">36813</subfield>
  </datafield>
  <datafield tag="952" ind1=" " ind2=" ">
   <subfield code="0">0</subfield>
   <subfield code="1">0</subfield>
   <subfield code="2">ddc</subfield>
   <subfield code="4">0</subfield>
   <subfield code="6">954_920500000000000_CHO</subfield>
   <subfield code="7">0</subfield>
   <subfield code="9">57936</subfield>
   <subfield code="a">BRACUL</subfield>
   <subfield code="b">BRACUL</subfield>
   <subfield code="c">BNC</subfield>
   <subfield code="d">2016-02-08</subfield>
   <subfield code="e">APPL</subfield>
   <subfield code="g">600.00</subfield>
   <subfield code="l">1</subfield>
   <subfield code="m">4</subfield>
   <subfield code="o">954.9205 CHO</subfield>
   <subfield code="p">3010030849</subfield>
   <subfield code="r">2016-11-21</subfield>
   <subfield code="s">2016-10-04</subfield>
   <subfield code="t">1</subfield>
   <subfield code="w">2016-02-08</subfield>
   <subfield code="y">BK</subfield>
  </datafield>
  <datafield tag="952" ind1=" " ind2=" ">
   <subfield code="0">0</subfield>
   <subfield code="1">0</subfield>
   <subfield code="2">ddc</subfield>
   <subfield code="4">0</subfield>
   <subfield code="6">954_920500000000000_CHO</subfield>
   <subfield code="7">0</subfield>
   <subfield code="9">57937</subfield>
   <subfield code="a">BRACUL</subfield>
   <subfield code="b">BRACUL</subfield>
   <subfield code="c">BNC</subfield>
   <subfield code="d">2016-02-08</subfield>
   <subfield code="e">APPL</subfield>
   <subfield code="g">600.00</subfield>
   <subfield code="l">0</subfield>
   <subfield code="o">954.9205 CHO</subfield>
   <subfield code="p">3010030850</subfield>
   <subfield code="r">2016-02-08</subfield>
   <subfield code="t">2</subfield>
   <subfield code="w">2016-02-08</subfield>
   <subfield code="y">BK</subfield>
  </datafield>
  <datafield tag="952" ind1=" " ind2=" ">
   <subfield code="0">0</subfield>
   <subfield code="1">0</subfield>
   <subfield code="2">ddc</subfield>
   <subfield code="4">0</subfield>
   <subfield code="6">954_920500000000000_CHO</subfield>
   <subfield code="7">0</subfield>
   <subfield code="9">57938</subfield>
   <subfield code="a">BRACUL</subfield>
   <subfield code="b">BRACUL</subfield>
   <subfield code="c">BNC</subfield>
   <subfield code="d">2016-02-08</subfield>
   <subfield code="e">APPL</subfield>
   <subfield code="g">600.00</subfield>
   <subfield code="l">5</subfield>
   <subfield code="m">2</subfield>
   <subfield code="o">954.9205 CHO</subfield>
   <subfield code="p">3010030851</subfield>
   <subfield code="r">2017-05-02</subfield>
   <subfield code="s">2017-05-02</subfield>
   <subfield code="t">3</subfield>
   <subfield code="w">2016-02-08</subfield>
   <subfield code="y">BK</subfield>
  </datafield>
  <datafield tag="952" ind1=" " ind2=" ">
   <subfield code="0">0</subfield>
   <subfield code="1">0</subfield>
   <subfield code="2">ddc</subfield>
   <subfield code="4">0</subfield>
   <subfield code="6">954_920500000000000_CHO</subfield>
   <subfield code="7">0</subfield>
   <subfield code="9">57939</subfield>
   <subfield code="a">BRACUL</subfield>
   <subfield code="b">BRACUL</subfield>
   <subfield code="c">BNC</subfield>
   <subfield code="d">2016-02-08</subfield>
   <subfield code="e">APPL</subfield>
   <subfield code="g">600.00</subfield>
   <subfield code="l">1</subfield>
   <subfield code="o">954.9205 CHO</subfield>
   <subfield code="p">3010030852</subfield>
   <subfield code="r">2018-09-17</subfield>
   <subfield code="s">2018-08-08</subfield>
   <subfield code="t">4</subfield>
   <subfield code="w">2016-02-08</subfield>
   <subfield code="y">BK</subfield>
  </datafield>
 </record>
</collection>
